000 00598nam a2200217 a 4500
008 981029s1990 m yCZ 0 cze c
020 _a8020501401
_c29
040 _aSNK
_bslo
_cSNK
_eAACR2
041 1 _acze
044 _aCZ
080 _a885.0-32
100 1 _aMartin, Eduard
_4aut
245 1 0 _aManželka z Venuše
_bpříběhy konstruktéra Daidala a jeho přátel
_cEduard Martin
260 _aPraha
_bSvoboda
_c1990
300 _a535, [4] s.
_c
490 0 _aOmnia
650 0 7 _aliteratúra česká
_xpoviedka
_2SNK
650 0 7 _apoviedky české
_2SNK
760 1 _tOmnia
958 _aA
999 _c12355
_d12355